| 000 | 00561nam a2200205Ia 4500 | ||
|---|---|---|---|
| 005 | 20250326144653.0 | ||
| 008 | 250326s9999 xx 000 0 und d | ||
| 020 | _a0-07-462086-X | ||
| 037 | _aTextbook | ||
| 040 |
_aFMSL _beng _cFMSL |
||
| 041 |
_aeng _2eng |
||
| 084 |
_aX:8D N7;1 _qFMSL |
||
| 100 |
_aChandra P _9659734 |
||
| 245 | 0 |
_aFicial management : theory and practice _cChandra P |
|
| 250 | _a4 | ||
| 260 |
_aNew Delhi _bNew Delhi, Tata McGraw-Hill _c1997 |
||
| 300 | _a942p | ||
| 942 |
_cTB _hX:8D N7;1 |
||
| 999 |
_c1304563 _d1304563 |
||